LIBRARY & INFORMATION CENTRE, KCAET, TAVANUR

ONLINE PUBLIC ACCESS CATALOGUE (OPAC)

Specification for animal drawn potato digger ridger type, IS 11033 / (Record no. 7749)

MARC details
000 -LEADER
fixed length control field 00957cam a2200157ua 4500
041 ## - LANGUAGE CODE
Language code of text/sound track or separate title eng
082 ## - DEWEY DECIMAL CLASSIFICATION NUMBER
Classification number 631.356
Item number IND/SP
245 ## - TITLE STATEMENT
Title Specification for animal drawn potato digger ridger type, IS 11033 /
250 ## - EDITION STATEMENT
Edition statement 1 /
260 ## - PUBLICATION, DISTRIBUTION, ETC. (IMPRINT)
Place of publication New Delhi :
Name of publisher Indian Standards Institution ,
Year of publication 1984.
300 ## - PHYSICAL DESCRIPTION
Number of Pages 10 ; .
942 ## - ADDED ENTRY ELEMENTS (KOHA)
Koha item type Books
Holdings
Withdrawn status Lost status Damaged status Home library Current library Date acquired Full call number Accession Number Koha item type
      KAUAET KAUAET 08/03/1990 631.356 16651 Standards
free website counter